Las estructuras elementales del parentesco.
Saved in:
| Hovedforfatter: | |
|---|---|
| Format: | Bog |
| Sprog: | spansk |
| Udgivet: |
Barcelona, España:
Paidós Ibérica,
1981.
|
| Udgivelse: | 1ª edición en Paidós Ibérica |
| Serier: | Paidós Básica
|
| Fag: | |
| Tags: |
Tilføj Tag
Ingen Tags, Vær først til at tagge denne postø!
|
MARC
| LEADER | 00000nam a2200000 a 4500 | ||
|---|---|---|---|
| 001 | UCY9470 | ||
| 003 | CL-VaPUC | ||
| 005 | 20230116123857.0 | ||
| 008 | 950717e19810000SP |||||||||||||||||spa|d | ||
| 999 | |c 236558 |d 236556 | ||
| 020 | |a 978-84-7509-100-6 | ||
| 040 | |c Pontificia Universidad Católica de Valparaíso | ||
| 082 | 0 | 4 | |a 392.5 LEV 1981 |2 21 |
| 100 | |a Lévi-Strauss, Claude |e autor |9 265689 | ||
| 245 | 1 | 4 | |a Las estructuras elementales del parentesco. |
| 250 | |a 1ª edición en Paidós Ibérica | ||
| 260 | |a Barcelona, España: |b Paidós Ibérica, |c 1981. | ||
| 300 | |a 575 páginas. | ||
| 490 | 0 | |a Paidós Básica |n 3. | |
| 583 | |a last modification |c 20121104 08:36:26 |k Rodrigo Vera | ||
| 650 | 0 | |a Matrimonio |2 CL-VaPUC |9 254924 |v Reglas | |
| 650 | 0 | |a Etnología |9 258726 | |
| 650 | 0 | |a Parentesco |2 CL-VaPUC |9 329859 |v Estructuras elementales |z China |z India | |
| 942 | |c BK |2 ddc | ||
| 945 | |d 19950717 00:00:00 |a cmena | ||
| 952 | |0 0 |1 0 |4 0 |6 392_500000000000000_LEV_1981 |7 0 |8 P |9 244720 |a BIBEDU |b BIBEDU |c BIBEDU_PB |d 2019-11-18 |i 1602071 |o 392.5 LEV 1981 |p 1602071 |r 2024-01-25 |w 2019-11-18 |y BK |k EDU | ||
| 952 | |0 0 |1 0 |4 0 |6 392_500000000000000_LEV_1981 |7 0 |8 P |9 244721 |a BIBEDU |b BIBEDU |c BIBEDU_PB |d 2019-11-18 |i 1602519 |o 392.5 LEV 1981 |p 1602519 |r 2024-01-25 |w 2019-11-18 |y BK |k EDU | ||
| 952 | |0 0 |1 0 |2 ddc |4 0 |6 392_500000000000000_LEV_1981 |7 0 |8 A |9 588540 |a BIBGIM |b BIBGIM |c GEN |d 2023-01-06 |e 3 |g 39867.00 |i 5656306 |o 392.5 LEV 1981 |p 5656306 |r 2025-01-15 |t 3 |v 39867.00 |w 2023-01-06 |y BK |k SSL | ||